[Event "TCh-CHN Division A 2014"]
[Site "Jiaxing CHN"]
[Date "2014.09.12"]
[Round "14.6"]
[White "Mu, Ke"]
[Black "Lan, Zilun"]
[Result "1-0"]
[WhiteElo "2413"]
[BlackElo "2147"]
[WhiteTeam "Qingdao Experimental School"]
[BlackTeam "Zhejiang"]
[WhiteFideId "8602778"]
[BlackFideId "8604193"]
[EventDate "2014.04.12"]

1. d4 Nf6 2. c4 g6 3. Nc3 Bg7 4. e4 O-O 5. Nf3 d6 6. h3 e5 7. d5 Nfd7 8. g4 a5
9. Be3 Nc5 10. Rg1 Kh8 11. h4 f5 12. gxf5 gxf5 13. Ng5 Qe8 14. Bxc5 dxc5 15. Bh3
h6 16. Ne6 Bxe6 17. dxe6 Qxe6 18. Bxf5 Qf7 19. Qg4 Nc6 20. O-O-O Nd4 21. Nd5
Nxf5 22. exf5 c6 23. Ne3 Rad8 24. Rxd8 Rxd8 25. Qg6 Rf8 26. Qd6 Qf6 27. Rg6 Qxd6
28. Rxd6 Bf6 29. Ng4 Kg7 30. Rd7+ Rf7 31. Rxf7+ Kxf7 32. Nxh6+ Ke8 33. Ng4 Bxh4
34. Kd2 Ke7 35. Ke3 Kd6 36. Ke4 a4 37. b3 axb3 38. axb3 b6 39. f3 Bg3 40. f6 Ke6
41. f7 Kxf7 42. Nxe5+ Ke6 43. Nxc6 Kd6 44. Na7 Bh4 45. Kf5 Bf2 46. Nb5+ Kc6 47.
f4 Kb7 48. Ke6 Ka6 49. f5 Ka5 50. f6 Be3 51. Nc7 Bh6 52. Nd5 b5 53. f7 Bf8 54.
Kd7 1-0

[Event "TCh-CHN Division A 2014"]
[Site "Jiaxing CHN"]
[Date "2014.09.12"]
[Round "14.6"]
[White "Ma, Zhonghan"]
[Black "Ding, Liren"]
[Result "1/2-1/2"]
[BlackTitle "GM"]
[WhiteElo "2471"]
[BlackElo "2730"]
[WhiteTeam "Qingdao Experimental School"]
[BlackTeam "Zhejiang"]
[WhiteFideId "8607206"]
[BlackFideId "8603677"]
[EventDate "2014.04.12"]

1. d4 Nf6 2. c4 g6 3. Nf3 Bg7 4. g3 b6 5. Bg2 Bb7 6. O-O O-O 7. Nc3 Ne4 8. Nxe4
Bxe4 9. Be3 d6 10. Qd2 Nd7 11. Bh6 Nf6 12. Bxg7 Kxg7 13. d5 b5 14. b3 bxc4 15.
bxc4 Bxf3 16. exf3 Rb8 17. f4 Rb6 18. Rfe1 Re8 19. Re2 Qb8 20. Rae1 Rb4 21. Qc3
Qb6 22. Bf1 Kf8 23. g4 Rb1 24. Rxb1 Qxb1 25. Re1 Qb6 26. g5 Ng8 27. Qh8 Rb8 28.
f5 Qb2 29. Qxh7 Qd2 30. Re3 Rb2 31. Qh4 gxf5 32. Re2 Qc1 33. Rxb2 Qxb2 34. Qf4
Qxa2 35. Qxf5 a5 36. g6 Nf6 37. Qc8+ Kg7 38. gxf7 Kxf7 39. Qe6+ Kf8 40. Qc8+ Kf7
41. Qe6+ 1/2-1/2

[Event "TCh-CHN Division A 2014"]
[Site "Jiaxing CHN"]
[Date "2014.09.12"]
[Round "15.1"]
[White "Zhao, Yuanhe"]
[Black "Xiu, Deshun"]
[Result "0-1"]
[BlackTitle "GM"]
[WhiteElo "2137"]
[BlackElo "2553"]
[WhiteTeam "Chengdu"]
[BlackTeam "Beijing"]
[WhiteFideId "8609497"]
[BlackFideId "8603693"]
[EventDate "2014.04.12"]

1. d4 Nf6 2. c4 b6 3. Nc3 Bb7 4. Qc2 d5 5. cxd5 Nxd5 6. e4 Nxc3 7. bxc3 e5 8.
dxe5 Nd7 9. Nf3 Qe7 10. Bf4 O-O-O 11. Bc4 Nc5 12. Nd2 g5 13. Bg3 Bg7 14. O-O h5
15. f3 h4 16. Bf2 Bxe5 17. Nb3 Ne6 18. Bxe6+ fxe6 19. h3 Qf6 20. Bd4 c5 21. Bxe5
Qxe5 22. Rad1 Ba6 23. Rfe1 Qf4 24. Qf2 Rxd1 25. Rxd1 Rd8 26. Rxd8+ Kxd8 27. a3
Kc7 28. Qe1 Bd3 29. Nd2 c4 30. Nf1 Kc6 31. Ne3 Kb5 32. Qc1 Ka4 33. Kf2 Kb3 34.
Qd1+ Kxa3 35. Qa1+ Kb3 36. Qxa7 Qg3+ 0-1

[Event "TCh-CHN Division A 2014"]
[Site "Jiaxing CHN"]
[Date "2014.09.12"]
[Round "15.1"]
[White "Li, Di"]
[Black "Wang, Yiye"]
[Result "0-1"]
[WhiteTitle "FM"]
[BlackTitle "IM"]
[WhiteElo "2209"]
[BlackElo "2422"]
[WhiteTeam "Chengdu"]
[BlackTeam "Beijing"]
[WhiteFideId "8607508"]
[BlackFideId "8606021"]
[EventDate "2014.04.12"]

1. d4 d5 2. c4 c6 3. cxd5 cxd5 4. Bf4 Nc6 5. e3 Bf5 6. Qb3 Qd7 7. Nc3 e6 8. Nf3
Rc8 9. Ne5 Nxe5 10. dxe5 Ne7 11. e4 Bxe4 12. Bb5 Nc6 13. Nxe4 dxe4 14. O-O Be7
15. Rfd1 Qc7 16. Bxc6+ bxc6 17. Qc4 O-O 18. Qxe4 Rfd8 19. Rdc1 Rd5 20. Rc4 Rcd8
21. Qc2 h5 22. Rf1 Qa5 23. b3 Bc5 24. h3 Bd4 25. Bg5 Rc8 26. Rxc6 Rxc6 27. Qxc6
Rxe5 28. Qe8+ Kh7 29. Be3 Bxe3 30. fxe3 Qxa2 31. Qxf7 Qxb3 32. Rf3 Qd1+ 33. Kh2
Qd6 34. Qf4 a5 35. Rg3 Rd5 36. Qe4+ Rf5 37. h4 Qe5 38. Qc2 Kh6 39. Qc8 g5 40. e4
gxh4 41. exf5 hxg3+ 42. Kh3 Qg7 0-1

[Event "TCh-CHN Division A 2014"]
[Site "Jiaxing CHN"]
[Date "2014.09.12"]
[Round "15.1"]
[White "Xu, Xiangyu CHN"]
[Black "Yu, Yangyi"]
[Result "0-1"]
[BlackTitle "GM"]
[WhiteElo "2277"]
[BlackElo "2705"]
[WhiteTeam "Chengdu"]
[BlackTeam "Beijing"]
[WhiteFideId "8608288"]
[BlackFideId "8603820"]
[EventDate "2014.04.12"]

1. e4 c5 2. Nf3 d6 3. d4 cxd4 4. Nxd4 Nf6 5. Nc3 a6 6. Be3 Ng4 7. Bg5 h6 8. Bh4
g5 9. Bg3 Bg7 10. Be2 h5 11. Bxg4 hxg4 12. Nf5 Bxc3+ 13. bxc3 Qa5 14. Qd3 Nc6
15. O-O Qc5 16. Rab1 Ne5 17. Qd4 Qxd4 18. cxd4 Nc4 19. Rfe1 b5 20. Ne3 Nd2 21.
Rbd1 Nxe4 22. Nd5 Bb7 23. Nc7+ Kd7 24. Nxa8 Bxa8 25. Rd3 e6 26. Ra3 Bb7 27. Rxe4
Bxe4 28. Rxa6 Ra8 29. Rxd6+ Ke7 30. f3 gxf3 31. gxf3 Bxf3 32. Rb6 Rxa2 33. Rxb5
f5 34. Rc5 Be4 35. Rc7+ Kf6 36. Be5+ Kg6 37. Rg7+ Kh6 38. c4 f4 39. Re7 Kh5 40.
d5 exd5 41. cxd5 Bxd5 42. Bxf4 Rg2+ 0-1

[Event "TCh-CHN Division A 2014"]
[Site "Jiaxing CHN"]
[Date "2014.09.12"]
[Round "15.1"]
[White "Wang, Jue"]
[Black "Ren, Xiaoyi"]
[Result "0-1"]
[WhiteTitle "WGM"]
[WhiteElo "2353"]
[BlackElo "2130"]
[WhiteTeam "Beijing"]
[BlackTeam "Chengdu"]
[WhiteFideId "8604070"]
[BlackFideId "8608709"]
[EventDate "2014.04.12"]

1. e4 c5 2. Nf3 e6 3. d4 cxd4 4. Nxd4 Nc6 5. Nc3 Qc7 6. Be3 a6 7. Qd2 Nf6 8.
O-O-O Bb4 9. f3 d5 10. a3 Ba5 11. Nb3 O-O 12. Nxa5 Nxa5 13. Bg5 dxe4 14. Bxf6
gxf6 15. Qh6 f5 16. fxe4 f4 17. Qg5+ Kh8 18. Qf6+ Kg8 19. Rd5 exd5 20. Nxd5 Nb3+
21. Kb1 Rd8 22. Qg5+ Kh8 23. cxb3 Qd6 24. Bc4 Rg8 25. Qh4 Rg4 26. Qh5 Rg7 27.
Ka2 Bg4 28. Qh4 b5 29. Bd3 Qe5 30. Rf1 Be6 31. Nxf4 a5 32. Bc2 Rc8 33. Qf2 Qc5
34. Qxc5 Rxc5 35. Bd3 b4 36. a4 Rg8 37. h4 Rg3 38. h5 Kg7 39. Rf2 Re3 40. Rf1
Kh6 41. Rh1 Kg5 42. Rf1 h6 43. Nxe6+ fxe6 44. Bc4 Rxe4 45. Rf7 Kxh5 46. g3 Kg6
47. Rf8 Re1 48. g4 Kg7 49. Rf4 Rce5 50. Bd3 Rd1 51. Bc2 Rd2 52. Rc4 Ree2 53. Kb1
Re1+ 54. Ka2 Rg2 0-1

[Event "TCh-CHN Division A 2014"]
[Site "Jiaxing CHN"]
[Date "2014.09.12"]
[Round "15.2"]
[White "Li, Wenxiang"]
[Black "Wang, Yue"]
[Result "0-1"]
[BlackTitle "GM"]
[WhiteElo "1846"]
[BlackElo "2711"]
[WhiteTeam "Qingdao Qingwei"]
[BlackTeam "Tianjing"]
[WhiteFideId "8609748"]
[BlackFideId "8601429"]
[EventDate "2014.04.12"]

1. d4 d6 2. Nf3 Nf6 3. c4 g6 4. g3 Bg7 5. Bg2 O-O 6. Nc3 c5 7. d5 e6 8. O-O exd5
9. cxd5 Re8 10. Nd2 a6 11. a4 Nbd7 12. Nc4 Ne5 13. Na3 Nh5 14. h3 f5 15. Kh2 Nf6
16. f4 Nf7 17. Nc4 h5 18. e3 Bd7 19. Qb3 Rb8 20. Qb6 Qxb6 21. Nxb6 Bc8 22. a5
Bd7 23. Rd1 Bb5 24. Kg1 Re7 25. Kf2 Nd7 26. Nca4 Nxb6 27. Nxb6 Nh6 28. Ra2 Kf8
29. b3 Ng8 30. Nc4 Rd8 31. Rc2 Nf6 32. Bb2 Ne8 33. Bxg7+ Kxg7 34. Bf3 Nf6 35.
Rg1 Kf7 36. Re1 Ke8 37. Rce2 Ne4+ 38. Bxe4 Rxe4 39. Rc2 Kd7 40. Kf3 Rde8 41. Rc3
Kc7 42. g4 hxg4+ 43. hxg4 Rh8 44. gxf5 gxf5 45. Rg1 Re7 46. Rg5 Bd7 47. Rc1 Rh3+
48. Kf2 Bb5 49. Rc3 Rh2+ 50. Kf3 Rf7 51. Rc1 Rh3+ 52. Kf2 Re7 53. Rc3 Bd7 54.
Rc1 Rh2+ 55. Rg2 Rxg2+ 56. Kxg2 Bb5 57. Kf3 Bxc4 58. Rxc4 Rh7 59. Kg2 b6 60.
axb6+ Kxb6 61. e4 fxe4 62. Rxe4 Rh5 63. Kf3 Rxd5 64. Kg4 Rd1 65. Kf5 d5 66. Re6+
Kb5 67. Ke5 c4 68. bxc4+ dxc4 69. Re8 Re1+ 0-1

[Event "TCh-CHN Division A 2014"]
[Site "Jiaxing CHN"]
[Date "2014.09.12"]
[Round "15.2"]
[White "Fang, Yuxiang"]
[Black "Chu, Wei Chao"]
[Result "1/2-1/2"]
[BlackTitle "IM"]
[WhiteElo "2324"]
[BlackElo "2369"]
[WhiteTeam "Qingdao Qingwei"]
[BlackTeam "Tianjing"]
[WhiteFideId "8605840"]
[BlackFideId "8605661"]
[EventDate "2014.04.12"]

1. Nf3 Nf6 2. c4 g6 3. b3 Bg7 4. Bb2 c5 5. e3 O-O 6. Be2 Nc6 7. O-O d5 8. cxd5
Qxd5 9. Nc3 Qf5 10. Qc1 b6 11. Bb5 Bb7 12. Ne2 Rac8 13. Ng3 Qd5 14. Qc4 Rfd8 15.
Qxd5 Nxd5 16. Bxg7 Kxg7 17. Rfc1 Ndb4 18. a3 Nd3 19. Rc3 Nce5 20. Nxe5 Nxe5 21.
Ra2 f6 22. h3 a6 23. Be2 a5 24. Rac2 Nf7 25. Bf3 Bxf3 26. gxf3 Nd6 27. a4 e5 28.
Ne2 Nf5 29. f4 Rd7 30. fxe5 fxe5 31. f4 Rcd8 32. fxe5 Rxd2 33. Rxd2 Rxd2 34. Nf4
Kf7 35. Kf1 g5 36. Ke1 Rd8 37. Nd3 Ke6 38. Nb2 h5 39. Nc4 Rb8 40. Rd3 g4 41.
hxg4 hxg4 42. Kf2 g3+ 43. Kg1 Rg8 44. e4 Nh4 45. Rd6+ Ke7 46. Rf6 Rg5 47. Nxb6
Rxe5 48. Rf4 Ng6 49. Rg4 Re6 50. Nc4 Ne5 51. Nxe5 Rxe5 52. Kg2 Re6 53. Kxg3 Rb6
54. Rg7+ Kf6 55. Ra7 Ke5 56. Re7+ Kf6 57. Rc7 Ke5 58. Re7+ Kd6 59. Ra7 Ke5 60.
Rxa5 Rxb3+ 61. Kf2 Rc3 62. Ke2 Kxe4 63. Ra8 Ra3 64. Rh8 Ra2+ 65. Kd1 c4 66. Kc1
Kd4 67. Rh3 Rxa4 68. Kc2 Ra2+ 69. Kc1 Re2 70. Rg3 Kc5 71. Rh3 Kb4 72. Rg3 Rh2 1/2-1/2

[Event "TCh-CHN Division A 2014"]
[Site "Jiaxing CHN"]
[Date "2014.09.12"]
[Round "15.2"]
[White "Ni, Shiqun"]
[Black "Gao, Hanxue"]
[Result "1-0"]
[WhiteTitle "WIM"]
[WhiteElo "2262"]
[BlackElo "1766"]
[WhiteTeam "Tianjing"]
[BlackTeam "Qingdao Qingwei"]
[WhiteFideId "8608466"]
[BlackFideId "8608873"]
[EventDate "2014.04.12"]

1. e4 c6 2. d4 d5 3. Nd2 dxe4 4. Nxe4 Bf5 5. Ng3 Bg6 6. h4 h6 7. Nf3 Nd7 8. h5
Bh7 9. Bd3 Bxd3 10. Qxd3 e6 11. Bd2 Ngf6 12. O-O-O Be7 13. Kb1 O-O 14. Nf1 c5
15. Bc1 Qb6 16. Ne3 cxd4 17. Nxd4 Nc5 18. Qe2 Nce4 19. Ka1 Rac8 20. c4 Bc5 21.
Ndc2 Rfd8 22. g4 Rd6 23. Rhg1 Rcd8 24. Rxd6 Qxd6 25. f3 Ng5 26. Rd1 Qb6 27. f4
Nge4 28. Rg1 Qd6 29. g5 hxg5 30. fxg5 Bxe3 31. Qxe3 Nxh5 32. Qxe4 Ng3 33. Qg4
Nf5 34. g6 f6 35. a3 Qd3 36. Ne3 Rd4 37. Qf3 Nxe3 38. Bxe3 Rd7 39. Qh3 1-0

[Event "TCh-CHN Division A 2014"]
[Site "Jiaxing CHN"]
[Date "2014.09.12"]
[Round "15.2"]
[White "Ning, Chunhong"]
[Black "Yang, Yingxia"]
[Result "1-0"]
[WhiteTitle "WGM"]
[WhiteElo "2292"]
[BlackElo "1827"]
[WhiteTeam "Tianjing"]
[BlackTeam "Qingdao Qingwei"]
[WhiteFideId "8600376"]
[BlackFideId "8609837"]
[EventDate "2014.04.12"]

1. d4 e6 2. Nf3 Nf6 3. Bg5 Be7 4. Nbd2 d5 5. e3 Nbd7 6. c3 Ne4 7. Bxe7 Qxe7 8.
Nxe4 dxe4 9. Nd2 f5 10. f3 exf3 11. Qxf3 O-O 12. O-O-O Rb8 13. e4 fxe4 14. Qxe4
Nf6 15. Qh4 Bd7 16. Bd3 g6 17. Rhf1 Qg7 18. Rde1 Nd5 19. Nc4 Rxf1 20. Rxf1 Rf8
21. Rxf8+ Qxf8 22. Ne5 Bc8 23. Qg5 Qf4+ 24. Qxf4 Nxf4 25. Be4 Kf8 26. Kd2 Ke7
27. c4 Nh5 28. Ke3 c6 29. b4 Nf6 30. Bf3 Nd7 31. Kf4 Kf6 32. Ng4+ Kg7 33. c5 h6
34. h4 Nf6 35. Ke5 Ne8 36. a4 Bd7 37. Ne3 Kf7 38. h5 g5 39. Ng4 Kg7 40. Be4 Bc8
41. Bg6 Nc7 42. Ne3 Kf8 43. Kd6 Na8 44. Ng4 Kg7 45. g3 a6 46. a5 e5 47. Nxe5 Kf6
48. Nd7+ Kg7 49. Nb6 Nxb6 50. axb6 1-0

[Event "TCh-CHN Division A 2014"]
[Site "Jiaxing CHN"]
[Date "2014.09.12"]
[Round "15.3"]
[White "Lou, Yiping"]
[Black "Zeng, Chongsheng"]
[Result "0-1"]
[WhiteTitle "IM"]
[BlackTitle "GM"]
[WhiteElo "2461"]
[BlackElo "2540"]
[WhiteTeam "Shanghai"]
[BlackTeam "Guangdong"]
[WhiteFideId "8603928"]
[BlackFideId "8603847"]
[EventDate "2014.04.12"]

1. d4 Nf6 2. c4 e6 3. Nc3 Bb4 4. Qc2 d5 5. a3 Bxc3+ 6. Qxc3 c5 7. dxc5 d4 8. Qc2
Nc6 9. Nf3 e5 10. e4 a5 11. Rb1 a4 12. Nd2 Nd7 13. b4 axb3 14. Nxb3 Qe7 15. Be2
O-O 16. O-O f5 17. exf5 e4 18. Bd1 Nde5 19. Bb2 Bxf5 20. Nxd4 Nxd4 21. Bxd4 Nf3+
22. gxf3 exf3 23. Qc1 Bxb1 24. Kh1 Rad8 25. Qb2 Qe4 0-1

[Event "TCh-CHN Division A 2014"]
[Site "Jiaxing CHN"]
[Date "2014.09.12"]
[Round "15.3"]
[White "Zhou, Jianchao"]
[Black "Xu, Yinglun"]
[Result "1/2-1/2"]
[WhiteTitle "GM"]
[WhiteElo "2590"]
[BlackElo "2410"]
[WhiteTeam "Shanghai"]
[BlackTeam "Guangdong"]
[WhiteFideId "8603537"]
[BlackFideId "8604940"]
[EventDate "2014.04.12"]

1. c4 e6 2. Nc3 d5 3. d4 Be7 4. Bf4 Nf6 5. e3 O-O 6. Nf3 b6 7. Rc1 c5 8. dxc5
bxc5 9. Be2 Bb7 10. O-O Nbd7 11. cxd5 Nxd5 12. Bg3 N7f6 13. Nd2 Bc6 14. Nc4 Nxc3
15. Rxc3 Qxd1 16. Rxd1 Ne4 17. Rcc1 Nxg3 18. hxg3 Bb5 19. Kf1 Rab8 20. b3 Bxc4
21. Rxc4 Rfd8 22. Ra4 Rb7 23. Ra6 Rc8 24. Bc4 Kf8 25. Ke2 Rcc7 26. g4 Rb6 27.
Rxb6 axb6 28. f4 g6 29. e4 h5 30. g5 Rb7 31. a4 e5 32. g3 Kg7 33. Rd5 exf4 34.
gxf4 f6 35. gxf6+ Kxf6 36. Kf3 Kg7 37. e5 Rc7 38. Rd1 Kh6 39. Bf7 Kg7 40. Be6
Kh6 41. Ke4 h4 42. Rg1 Bf8 43. Kd3 Re7 44. Bh3 Re8 45. Rd1 Rd8+ 46. Ke2 Rxd1 47.
Kxd1 Kg7 48. Ke2 Kf7 49. Kd3 Bh6 50. f5 gxf5 51. Bxf5 Ke7 52. Kc4 Kd8 53. Kd5
Kc7 54. Ke6 Bg5 55. Kf7 Kd8 56. Ke6 Kc7 57. Kf7 Kd8 58. Ke6 1/2-1/2

[Event "TCh-CHN Division A 2014"]
[Site "Jiaxing CHN"]
[Date "2014.09.12"]
[Round "15.3"]
[White "Ni, Hua"]
[Black "Liu, Chang"]
[Result "1-0"]
[WhiteTitle "GM"]
[WhiteElo "2677"]
[BlackElo "2368"]
[WhiteTeam "Shanghai"]
[BlackTeam "Guangdong"]
[WhiteFideId "8601160"]
[BlackFideId "8606340"]
[EventDate "2014.04.12"]

1. d4 g6 2. c4 Nf6 3. Nc3 Bg7 4. e4 d6 5. Be2 O-O 6. Bg5 c5 7. d5 e6 8. Qd2 exd5
9. exd5 Nbd7 10. Nf3 Re8 11. O-O Qb6 12. Bd3 Nf8 13. h3 Bd7 14. Rab1 h5 15. a3
Qc7 16. b4 b6 17. Rfc1 Reb8 18. Bf4 a5 19. bxc5 bxc5 20. Ng5 N8h7 21. Nxh7 Kxh7
22. Qe3 Bf8 23. Bg5 Ne8 24. Qf3 Kg8 25. Nb5 Bxb5 26. cxb5 a4 27. g4 hxg4 28.
hxg4 Rb7 29. Kg2 Be7 30. Bd2 Nf6 31. Bc3 Nd7 32. Rh1 Ne5 33. Bxe5 dxe5 34. d6 1-0

[Event "TCh-CHN Division A 2014"]
[Site "Jiaxing CHN"]
[Date "2014.09.12"]
[Round "15.3"]
[White "Liu, Manli CHN"]
[Black "Zhang, Xiaowen"]
[Result "1/2-1/2"]
[BlackTitle "WGM"]
[WhiteElo "1988"]
[BlackElo "2355"]
[WhiteTeam "Guangdong"]
[BlackTeam "Shanghai"]
[WhiteFideId "8608121"]
[BlackFideId "8603219"]
[EventDate "2014.04.12"]

1. e4 e6 2. d4 d5 3. Nd2 c5 4. exd5 Qxd5 5. Ngf3 cxd4 6. Bc4 Qd6 7. O-O Nf6 8.
Nb3 Nc6 9. Nbxd4 Nxd4 10. Qxd4 Qxd4 11. Nxd4 Bd7 12. c3 Bc5 13. Nb3 Bb6 14. Bf4
O-O 15. Rad1 Bc6 16. Be2 Rfd8 17. Be5 Nd7 18. Bd6 Nf6 19. Be5 Nd7 20. Bd6 Nf6 1/2-1/2

[Event "TCh-CHN Division A 2014"]
[Site "Jiaxing CHN"]
[Date "2014.09.12"]
[Round "15.3"]
[White "Li, Xueyi"]
[Black "Ju, Wenjun"]
[Result "0-1"]
[BlackTitle "WGM"]
[WhiteElo "2193"]
[BlackElo "2582"]
[WhiteTeam "Guangdong"]
[BlackTeam "Shanghai"]
[WhiteFideId "8605912"]
[BlackFideId "8603006"]
[EventDate "2014.04.12"]

1. d4 d6 2. Nf3 g6 3. c4 f5 4. b3 Bg7 5. Bb2 Nf6 6. g3 O-O 7. Bg2 e6 8. O-O Qe7
9. Nbd2 Nc6 10. Re1 e5 11. dxe5 dxe5 12. e4 f4 13. a3 a5 14. Qc2 Nh5 15. c5 Be6
16. Qc3 g5 17. b4 axb4 18. axb4 Rxa1 19. Rxa1 g4 20. Nh4 Nd4 21. Qd3 Rd8 22.
Bxd4 Rxd4 23. Qc3 Qd7 24. Ra8+ Kf7 25. Nf5 Bxf5 26. exf5 Rxd2 27. c6 Rd1+ 28.
Bf1 bxc6 29. Qc4+ Qd5 0-1

[Event "TCh-CHN Division A 2014"]
[Site "Jiaxing CHN"]
[Date "2014.09.12"]
[Round "15.4"]
[White "Wang, Chen"]
[Black "Lin, Chen"]
[Result "1/2-1/2"]
[WhiteTitle "IM"]
[BlackTitle "IM"]
[WhiteElo "2508"]
[BlackElo "2463"]
[WhiteTeam "Chongqing"]
[BlackTeam "Jiangsu"]
[WhiteFideId "8601020"]
[BlackFideId "8602298"]
[EventDate "2014.04.12"]

1. e4 e5 2. Nf3 Nc6 3. Bb5 Nf6 4. d3 d6 5. Nbd2 Bd7 6. c3 g6 7. Nf1 h6 8. Ng3
Bg7 9. O-O O-O 10. Ba4 Re8 11. Re1 d5 12. d4 Nxe4 13. Bxc6 Bxc6 14. Nxe5 Nxg3
15. hxg3 Re6 16. Bd2 Qe8 17. Nxc6 Rxe1+ 18. Qxe1 Qxc6 19. Qe2 Re8 20. Qd3 a6 21.
Be3 Qe6 22. Re1 Qd7 23. b3 c6 24. Kf1 h5 25. Bf4 Rxe1+ 26. Kxe1 Qe6+ 27. Kd2 Kf8
28. Qf3 Ke8 29. Be3 Bf8 30. Bg5 1/2-1/2

[Event "TCh-CHN Division A 2014"]
[Site "Jiaxing CHN"]
[Date "2014.09.12"]
[Round "15.4"]
[White "Zvjaginsev, Vadim"]
[Black "Yu, Ruiyuan"]
[Result "1-0"]
[WhiteTitle "GM"]
[BlackTitle "GM"]
[WhiteElo "2655"]
[BlackElo "2552"]
[WhiteTeam "Chongqing"]
[BlackTeam "Jiangsu"]
[WhiteFideId "4113403"]
[BlackFideId "8603090"]
[EventDate "2014.04.12"]

1. e4 c6 2. c4 d5 3. exd5 Nf6 4. Nc3 cxd5 5. cxd5 Nxd5 6. Nf3 Nc6 7. Bb5 e6 8.
O-O Be7 9. d4 O-O 10. Re1 a6 11. Bxc6 Nxc3 12. bxc3 bxc6 13. Ne5 Bd6 14. Qh5 f6
15. Nc4 Bc7 16. Ba3 Rf7 17. Rab1 Qd5 18. Qe2 a5 19. Nb6 Bxb6 20. Rxb6 Rb7 21.
Rxb7 Bxb7 22. Qxe6+ Qxe6 23. Rxe6 Rc8 24. Re7 Ba6 25. Bd6 Bc4 26. a3 Rd8 27. Bf4
Rd5 28. h4 Rb5 29. Ra7 Bb3 30. Bc7 a4 31. Bd6 Rd5 32. Be7 h5 33. Rc7 Kf7 34.
Bb4+ Kg6 35. Rxc6 Rd8 36. f3 Kf5 37. Kf2 Bc2 38. Rc7 1-0

[Event "TCh-CHN Division A 2014"]
[Site "Jiaxing CHN"]
[Date "2014.09.12"]
[Round "15.4"]
[White "Guo, Qi"]
[Black "Tan, Zhongyi"]
[Result "1/2-1/2"]
[WhiteTitle "WGM"]
[BlackTitle "WGM"]
[WhiteElo "2458"]
[BlackElo "2465"]
[WhiteTeam "Jiangsu"]
[BlackTeam "Chongqing"]
[WhiteFideId "8604002"]
[BlackFideId "8603642"]
[EventDate "2014.04.12"]

1. d4 Nf6 2. Nf3 e6 3. c4 d5 4. Nc3 Bb4 5. Bg5 h6 6. Bxf6 Qxf6 7. Qa4+ Nc6 8. e3
O-O 9. Be2 Bd7 10. Qc2 dxc4 11. O-O Na5 12. Ne5 Qe7 13. Rfd1 Bd6 14. Nxd7 Qxd7
15. Ne4 Be7 16. Bxc4 Nxc4 17. Qxc4 a5 18. Rac1 c6 19. a4 Rfd8 20. g3 Qc7 21. Qb3
Rd7 22. Nc5 Bxc5 23. Rxc5 Rd5 24. Rdc1 Rad8 25. Kg2 Rxc5 26. Rxc5 Rd5 27. Qc3
Qb6 28. Rxd5 exd5 29. h4 h5 30. Kf3 g6 31. Ke2 1/2-1/2

[Event "TCh-CHN Division A 2014"]
[Site "Taizhou CHN"]
[Date "2014.11.14"]
[Round "16.1"]
[Board "1"]
[White "Yu, Yangyi"]
[Black "Lu, Shanglei"]
[Result "1-0"]
[WhiteTitle "GM"]
[BlackTitle "GM"]
[WhiteElo "2705"]
[BlackElo "2566"]
[WhiteTeam "Beijing"]
[BlackTeam "Zhejiang"]
[WhiteFideId "8603820"]
[BlackFideId "8603332"]
[EventDate "2014.04.12"]

1. e4 c5 2. Nf3 d6 3. d4 cxd4 4. Nxd4 Nf6 5. Nc3 a6 6. h3 e5 7. Nde2 h5 8. g3
Be7 9. Bg2 b5 10. Nd5 Nxd5 11. Qxd5 Ra7 12. Be3 Bb7 13. Qb3 Ra8 14. a4 Nd7 15.
axb5 axb5 16. O-O Bc6 17. Nc3 Rb8 18. Nd5 O-O 19. Rfd1 Nf6 20. Nxe7+ Qxe7 21.
Bg5 Rfc8 22. Rd2 Ba8 23. Ra6 Rc6 24. Rxc6 Bxc6 25. Qf3 Qe6 26. Bxf6 gxf6 27.
Qxh5 b4 28. b3 Rb6 29. Kh2 Kf8 30. h4 Qd7 31. Rd3 Ke7 32. Qh7 Qg4 33. f3 Qc8 34.
c4 bxc3 35. Rxc3 Qb7 36. h5 Rxb3 37. Rxb3 Qxb3 38. h6 Qb8 39. Qg7 Qf8 40. f4
exf4 41. e5 1-0

[Event "TCh-CHN Division A 2014"]
[Site "Taizhou CHN"]
[Date "2014.11.14"]
[Round "16.1"]
[Board "2"]
[White "Wang, Hao"]
[Black "Lan, Zilun"]
[Result "1-0"]
[WhiteTitle "GM"]
[WhiteElo "2710"]
[BlackElo "2147"]
[WhiteTeam "Beijing"]
[BlackTeam "Zhejiang"]
[WhiteFideId "8602883"]
[BlackFideId "8604193"]
[EventDate "2014.04.12"]

1. e4 c6 2. d4 d5 3. e5 Bf5 4. Nd2 e6 5. Nb3 Ne7 6. Nf3 Nd7 7. Be2 Bg6 8. O-O
Nf5 9. Bd2 Be7 10. g4 Nh4 11. Nxh4 Bxh4 12. f4 Be4 13. Be3 Qe7 14. Nd2 f5 15.
Nxe4 fxe4 16. g5 O-O-O 17. Bg4 h6 18. g6 Rdf8 19. Bh3 Nb6 20. b3 h5 21. Qe2 Kb8
22. Qg2 Qd7 23. f5 exf5 24. Rf4 Qd8 25. Rxh4 1-0

[Event "TCh-CHN Division A 2014"]
[Site "Taizhou CHN"]
[Date "2014.11.14"]
[Round "16.1"]
[Board "3"]
[White "Xiu, Deshun"]
[Black "Ding, Liren"]
[Result "1/2-1/2"]
[WhiteTitle "GM"]
[BlackTitle "GM"]
[WhiteElo "2553"]
[BlackElo "2730"]
[WhiteTeam "Beijing"]
[BlackTeam "Zhejiang"]
[WhiteFideId "8603693"]
[BlackFideId "8603677"]
[EventDate "2014.04.12"]

1. Nf3 Nf6 2. c4 g6 3. Nc3 Bg7 4. e4 d6 5. d4 O-O 6. Be2 e5 7. O-O Na6 8. Be3 c6
9. dxe5 dxe5 10. Qxd8 Rxd8 11. h3 Re8 12. a3 Nh5 13. Rfd1 Nf4 14. Bf1 Ne6 15. b4
f5 16. Na4 Nac7 17. Rac1 b6 18. Bd3 f4 19. Bd2 Nd8 20. b5 c5 21. Nc3 Nf7 22. Re1
Nd6 23. a4 h6 24. Nd5 Nxd5 25. cxd5 Bd7 26. Ra1 g5 27. Bc3 Kf7 28. Nd2 Ke7 29.
Nc4 Nxc4 30. Bxc4 h5 31. a5 Kd6 32. axb6 axb6 33. Rxa8 Rxa8 34. Ra1 Rxa1+ 35.
Bxa1 f3 36. Bc3 h4 37. Bd2 Bf6 38. Kh2 fxg2 39. Kxg2 g4 40. hxg4 Bxg4 41. Bd3
Bd1 42. Bc4 Bc2 43. f3 Bd1 44. Be3 Bd8 45. Bd2 Be7 46. Be3 Bf6 47. Bc1 Bd8 48.
Bd2 Be7 49. Be3 Kd7 50. Bd2 Bd6 51. Bg5 h3+ 52. Kxh3 Bxf3 53. Bd3 Bd1 54. Be3
Bb3 55. Kg4 c4 56. Be2 Kc7 57. Bd2 Bc5 58. Kf5 Bd4 59. Ke6 c3 60. Bc1 Ba2 61.
Bf1 Bb3 62. Bd3 Ba2 63. Ba3 Kd8 64. Kd6 Bb3 65. Bc1 Bd1 66. Bg5+ Kc8 67. Ke7
Bc5+ 68. d6 c2 69. Bc1 Bb4 70. Bc4 Bf3 71. Be6+ Kb8 72. Bd5 Kc8 73. Ke6 Bc3 74.
Ke7 Bb4 75. Bb2 Bc5 76. Be6+ Kb7 77. Bd5+ Kc8 78. Bc1 Bb4 1/2-1/2